000 00371 a2200157 4500
001 67899
020 _a9788516118006
040 _cAnchieta - Pituba
100 _aOrmundo, Wilton
240 1 0 _aSe liga na língua, 7º ano
_lpor
245 1 0 _aSe liga na língua, 7º ano
300 _a328
362 0 _a2019
650 4 _aGramática da língua portuguesa
942 _cBK
999 _c67899
_d67899